| 000 | 00374nam a2200121Ia 4500 | ||
|---|---|---|---|
| 008 | 191129s9999 xx 000 0 und d | ||
| 020 | _a4806523176026 | ||
| 100 | _aMaxwell, John C. | ||
| 245 |
_cJohn C. Maxwell _aThe gift of leadership: _bbook 2/ |
||
| 260 |
_aManila: _bChurch Strengthening Ministry, Inc. _c2009 |
||
| 300 |
_a204 p. ; _bill. : _c16 cm. |
||
| 650 | _aLeadership | ||
| 999 |
_c362744 _d362744 |
||